000 00405nam a22001577a 4500
082 _a368.01 MEH
100 _aMEHR ,R.I.
_99091
245 _aPrinciple Of Insurance
250 _aFifth Edition
260 _aEngland
_bRichard D. Irwin
_c1972
300 _axxii, 856pg.
_bill.;23cm
500 _aInclude: Index
650 _aPrinciple Of Insurance
_99092
700 _aEmerson Cammack
_99093
942 _cBK
999 _c16378
_d16378